- Bullying
Entry Materia
001 - NÚMERO DE CONTROL DEL REGISTRO
- campo de control: 43354
003 - IDENTIFICADOR DE NUMERO DE CONTROL
- campo de control: DLC
005 - FECHA Y HORA DE LA ÚLTIMA TRANSACCIÓN
- campo de control: 20210915133105.0
008 - DATOS DE LONGITUD FIJA
- campo de control de longitud fija: 891023i| anannbabn |a ana
010 ## - NÚMERO DE CONTROL DE LA BIBLIOTECA DEL CONGRESO (LC)
- LC control number: sh 89006054
040 ## - FUENTE DE LA CATALOGACIÓN
- Centro catalogador de origen: DLC
- Agencia de transcripción: DLC
- Agencia de modificación: DLC
046 ## - FECHAS CON CODIFICACIÓN ESPECIAL
- Fecha final para contenidos agregados: 15-09-2021
053 #0 - NÚMERO CLASIFICADOR - BIBLIOTECA DEL CONGRESO (LC)
- Elemento numérico de la clasificación - Número único o no. inicial del rango: BF637.B85
150 ## - ENCABEZAMIENTO - TEMÁTICO
- Término de materia o nombre geográfico como elemento inicial: Bullying
450 ## - VÉASE - MATERIA
- Encabezamiento temático: Intimidación
450 ## - VÉASE - MATERIA
- Encabezamiento temático: Acoso psicológico
450 ## - VÉASE - MATERIA
- Encabezamiento temático: Violencia psicológica
550 ## - VÉASE ADEMÁS - MATERIA
- Subcampo de control: g
- Encabezamiento temático o nombre geográfico como elemento de entrada: Agresividad
550 ## - VÉASE ADEMÁS - MATERIA
- Subcampo de control: Ciberacoso
550 ## - VÉASE ADEMÁS - MATERIA
- Subcampo de control: Víctimas d e acoso
670 ## - FUENTE EN LA QUE SE LOCALIZARON DATOS
- Cita de la fuente: Biblioteca del Congreso (Estados Unidos)
670 ## - FUENTE EN LA QUE SE LOCALIZARON DATOS
- Cita de la fuente: Hennepin
- Información localizada: (Bullying and bullies)
670 ## - FUENTE EN LA QUE SE LOCALIZARON DATOS
- Cita de la fuente: Web. 3
- Información localizada: (Bullyism)
670 ## - FUENTE EN LA QUE SE LOCALIZARON DATOS
- Cita de la fuente: ACSH
- Información localizada: (Bullies)
675 ## - FUENTE EN LA QUE NO SE LOCALIZARON DATOS
- Cita de la fuente: Peng. dict. psych.
